000 01527cam a2200421 4500
005 20151106123857.0
008 701123s1970 enkch b 001 0 eng
010 _a 76018474
015 _aB***
035 _aDCHA97-B8650
035 _a(OCoLC)ocm00101871
040 _aDLC
_cDLC
_dOCL
_dWaOLN
041 1 _aeng
_hfre
043 _ae-fr---
049 _aSNI&
050 0 0 _aPQ437
_b.R314 1970
090 _aPQ437
_b.R314 1970
100 1 _aRaymond, Marcel,
_d1897-1981
_921006
240 1 0 _aDe Baudelaire au surréalisme.
_lEnglish
245 1 0 _aFrom Baudelaire to surrealism.
_cTranslated from the French.
260 _aLondon,
_bMethuen
_c[1970]
300 _a356 p.
_bfacsims., ports.
_c21 cm.
490 0 _aUniversity paperbacks,
_vUP355
500 _a"First published as De Baudelaire au surrealisme 1933."
500 _a"Distributed in USA by Barnes & Noble Inc."
504 _aBibliography: p. [325]-348.
650 0 _aFrench poetry
_y20th century
_xHistory and criticism
_921007
650 0 _aFrench poetry
_y19th century
_xHistory and criticism
_921008
650 0 _aSymbolism (Literary movement)
_zFrance
_921009
650 0 _aSurrealism (Literature)
_zFrance
_921010
650 0 _aImagist Poetry
_921011
650 0 _aSurrealism
_921012
650 0 _aBaudelaire, Charles Pierre
_921013
650 0 _aFrench Poetry
_xBible
_921014
942 _2lcc
_cMONOGRAPH
949 _aPQ437 .R314 1970
_lHMSG
_gHMSGMai
_d1
_nLC
_tbook
998 _d07/29/97
_cKDW
_bHIR
999 _c123766
_d123766